00914nam a2200301 a 4500003000900000005001700009008004100026020001800067040001300085100002400098245010100122260005800223300001900281490004400300504003300344650002300377650001300400650002000413650001300433650002100446650002300467650001200490650001600502650001500518651003500533651001400568800003000582AR-BaBNM20251128204235.0082120s2002 ||||||||||||||000 | spa|| a950-25-1503-X cAR-BaBNM1 aGrillo, Oscar Jorge00aArticulación entre sectores urbanos populares y el Estado localbel caso del barrio de la Boca aBuenos AiresbCentro Editor de América Latinac1988 a141 p.btablas 0aBiblioteca política Argentinavv. 234 aBibliografía en p. 137-141 4aHISTORIA ARGENTINA 4aPOLITICA 4aDEMOCRATIZACION 4aCIUDADES 4aPOBLACION URBANA 4aGOBIERNO MUNICIPAL 4aBARRIOS 4aCLASE MEDIA 4aCLASE BAJA 4aBuenos Aires [Capital Federal] 4aArgentina1 aTroncoso, Oscaredirector